000 00419nam a2200181Ia 4500
003 0100
008 130303s9999 xx 000 0 und d
040 _cARRUPELIB
050 _aBX2203.M391984
100 _aMcManus, Jim
245 4 _aThe healing power of the sacraments
260 _aNotre Dame IN
260 _bAve Maria Pr.
260 _C1984
300 _a121p
650 _bPhilosophy--History
942 0 0 _01
999 _c23916
_d23916